Statistics for Lizards by Picture

Click here to take the quiz!

General Stats

  • This quiz has been taken 61 times
  • The average score is 9 of 16

Answer Stats

Answer% Correct
Chameleon
94%
Komodo Dragon
90%
Iguana
86%
Bearded Dragon
80%
Leopard Gecko
78%
Gila Monster
70%
Blue-Tongued Skink
68%
Horned Lizard
66%
Crested Gecko
56%
Frilled Lizard
52%
Tegu
42%
Tokay Gecko
42%
Basilisk
40%
Nile Monitor
34%
Collared Lizard
20%
Fence Lizard
16%

Score Distribution

Percentile by Number Answered

Percent of People with Each Score

Your Score History

You have not taken this quiz